Normal view
MARC view
- Maimoona Khurshid Ali
Entry Personal Name
001 - CONTROL NUMBER
- control field: 9638
003 - CONTROL NUMBER IDENTIFIER
- control field: NUST
005 - DATE AND TIME OF LATEST TRANSACTION
- control field: 20180124094410.0
008 - FIXED-LENGTH DATA ELEMENTS
- fixed length control field: 180124|| aca||aabn | a|a d
040 ## - CATALOGING SOURCE
- Original cataloging agency: NUST
- Transcribing agency: NUST
100 ## - HEADING--PERSONAL NAME
- Personal name: Maimoona Khurshid Ali
670 ## - SOURCE DATA FOUND
- Source citation: Work cat.: (NUST)321892: Maimoona Khurshid Ali, Maida Kamla Dhola, 2010
